Comparison of different planting techniques of Hevea in Tripura (Record no. 48551)

MARC details
000 -LEADER
fixed length control field 00445nam a2200157Ia 4500
100 ## - MAIN ENTRY--AUTHOR NAME
Personal name Potty S.N.
245 #0 - TITLE STATEMENT
Title Comparison of different planting techniques of Hevea in Tripura
260 ## - PUBLICATION, DISTRIBUTION, ETC. (IMPRINT)
Name of publisher Indian Journal of Natural Rubber Research
Year of publication 1991
300 ## - PHYSICAL DESCRIPTION
Number of Pages 46-50
650 ## - SUBJECT ADDED ENTRY--TOPICAL TERM
Topical Term Planting technique
650 ## - SUBJECT ADDED ENTRY--TOPICAL TERM
Topical Term Tripura
700 ## - ADDED ENTRY--PERSONAL NAME
Personal name Krishnakumar A.K.
700 ## - ADDED ENTRY--PERSONAL NAME
Personal name Meenattoor J.R.
942 ## - ADDED ENTRY ELEMENTS (KOHA)
Koha item type Bibliography STAF
Holdings
Withdrawn status Lost status Damaged status Not for loan Home library Current library Shelving location Date acquired Serial Enumeration / chronology Koha item type
      Bibliography RRII Library RRII Library Agronomy 09/04/2014 Volume 4, Issue 1 Bibliography STAF